Využitie kvantitatívnych metód v rozhodovaní marketingového manažéra diplomová práca

Na minha lista:
Detalhes bibliográficos
Autor principal: Švajčiaková, Lívia
Autor Corporativo: Obchodná fakulta EU. Katedra marketingu
Outros Autores: Baumöhl, Eduard, 1982-
Formato: Livro
Idioma:eslovaco
Publicado em: Bratislava 2024
Tags: Adicionar Tag
Sem tags, seja o primeiro a adicionar uma tag!

MARC

LEADER 00000nbm a2200000 4500
001 0302386
005 20250113133122.3
041 0 |a slo 
044 |a SK 
245 1 0 |a Využitie kvantitatívnych metód v rozhodovaní marketingového manažéra  |b diplomová práca  |c Lívia Švajčiaková ; školiteľ: Eduard Baumöhl 
264 1 |a Bratislava  |c 2024 
300 |a 78 s. 
100 1 |a Švajčiaková, Lívia 
700 1 |a Baumöhl, Eduard, 1982- 
710 2 |a Obchodná fakulta EU. Katedra marketingu